| 000 | 01474cam a2200433 a 4500 | ||
|---|---|---|---|
| 001 | 8439 | ||
| 003 | FISKH | ||
| 005 | 20250912092039.0 | ||
| 008 | 000224s2000 moua b 000 1 eng | ||
| 010 | _a 00008497 | ||
| 020 | _a0570071135 | ||
| 020 | _a9780570071136 | ||
| 040 |
_aDLC _cDLC _dDLC _beng |
||
| 042 | _alcac | ||
| 050 | 0 | 0 |
_aPZ7.S19784 _bCr 2000 |
| 082 | _a248.82 | ||
| 100 | 1 | _aSanders, Nancy I. | |
| 245 | 1 | 0 |
_aCooks, cakes, and chocolate shakes / _cby Nancy I. Sanders and Susan Titus Osborn ; illustrated by Ronda Krum. |
| 260 |
_aUnited State : _bCPH, _c2000. |
||
| 300 |
_a48 pages : _bcolor illustrations ; _c22 cm |
||
| 336 |
_atext _btxt _2rdacontent |
||
| 337 |
_aunmediated _bn _2rdamedia |
||
| 338 |
_avolume _bnc _2rdacarrier |
||
| 490 | 1 |
_aParables in action ; _v5 |
|
| 505 | _aG | ||
| 520 | _aSuzie and her friends bake a birthday cake for their teacher but forget an important ingredient. Includes a retelling of Jesus' parable about the yeast. | ||
| 521 |
_a380
_bLexile estimate |
||
| 521 |
_aG
_bRaz-Plus |
||
| 650 | 1 |
_aCake _vFiction. |
|
| 650 | 1 |
_aBaking _vFiction. |
|
| 650 | 1 |
_aChristian life _vFiction. |
|
| 650 | 1 | _aParables. | |
| 655 | 7 |
_aFiction. _2lcgft _0https://id.loc.gov/authorities/genreForms/gf2014026339 |
|
| 700 | 1 |
_aOsborn, Susan Titus, _d1944- _eAuthor |
|
| 700 | 1 |
_aKrum, Ronda, _eillustrator |
|
| 906 |
_a7 _bcbc _corignew _d3 _eecip _f20 _gy-gencatlg |
||
| 942 |
_2ddc _cBK _n0 |
||
| 999 |
_c8439 _d8439 |
||